[Event "AUTO-INT-2468"]
[Site "http://www.queenalice.com/game.php?id=1115445"]
[Date "2012.10.23"]
[Round "1"]
[White "thomas01"]
[Black "juaox9"]
[Result "0-1"]
[WhiteElo "1662"]
[BlackElo "1818"]

1. e4 c5 2. c4 e6 3. Nc3 a6 4. g4 Nc6 5. d4 cxd4 6. Nce2 e5 7. f4 exf4 8. Bxf4
Qh4+ 9. Ng3 Bb4+ 10. Bd2 Bd6 11. Qf3 Nf6 12. O-O-O Qxg4 13. Qf2 O-O 14. Be2 Qe6
15. Qg2 b5 16. Nf5 g6 17. Bg4 Nxg4 18. Qxg4 Be5 19. Nh6+ Kh8 20. Qf3 bxc4 21. a3
Rb8 22. Ng4 Bg7 23. Nh3 d6 24. Rhg1 c3 25. Bxc3 dxc3 26. bxc3 Qa2 0-1

[Event "AUTO-INT-2468"]
[Site "http://www.queenalice.com/game.php?id=1115446"]
[Date "2012.10.23"]
[Round "1"]
[White "juaox9"]
[Black "thomas01"]
[Result "1-0"]
[WhiteElo "1771"]
[BlackElo "1658"]

1. e4 e5 2. Nc3 c6 3. Nf3 d6 4. h3 f5 5. d3 f4 6. d4 exd4 7. Qxd4 Be6 8. Bxf4 c5
9. Qd2 Be7 10. O-O-O h6 11. Bb5+ Bd7 12. Bxd6 Nf6 13. e5 a6 14. Bxd7+ Nfxd7 15.
Nd5 Nc6 16. Nc7+ Kf7 17. Nxa8 Qxa8 18. Bxe7 Nxe7 19. Qxd7 Rd8 20. Qxd8 Qxd8 21.
Rxd8 b5 22. Rd7 a5 23. Rhd1 c4 24. Rxe7+ Kxe7 25. Rd5 1-0

[Event "AUTO-INT-2468"]
[Site "http://www.queenalice.com/game.php?id=1115447"]
[Date "2012.10.23"]
[Round "1"]
[White "thomas01"]
[Black "Ricardoabreu"]
[Result "1-0"]
[WhiteElo "1553"]
[BlackElo "1603"]

1. e4 b6 2. c4 Bb7 3. Nc3 g6 4. d4 Bg7 5. Nf3 e6 6. Bf4 d6 7. Bd3 d5 8. e5 dxc4
9. Bxc4 a6 10. a4 Nh6 11. Ng5 Nf5 12. Be3 Nxe3 13. fxe3 Bh6 14. h4 Bxg5 15. hxg5
Qxg5 16. g4 Bxh1 17. Kd2 Be4 18. Nxe4 Qh4 19. Kc3 O-O 20. d5 Rd8 21. d6 cxd6 22.
Nxd6 Nc6 23. Qe2 Nxe5 24. Ne4 Nxc4 25. Kxc4 Rac8+ 26. Kb3 a5 27. Qb5 Qxg4 28.
Nf6+ Kg7 29. Nxg4 Rb8 30. Qe5+ Kf8 31. Rc1 Rd3+ 32. Ka2 Rbd8 33. Rc7 R8d5 34.
Qh8# 1-0

[Event "AUTO-INT-2468"]
[Site "http://www.queenalice.com/game.php?id=1115448"]
[Date "2012.10.23"]
[Round "1"]
[White "Ricardoabreu"]
[Black "thomas01"]
[Result "0-1"]
[WhiteElo "1604"]
[BlackElo "1518"]

1. e4 e5 2. b3 Nf6 3. Bb2 Nc6 4. Bb5 Nxe4 5. f3 Qh4+ 6. Ke2 Nd4+ 7. Bxd4 exd4 8.
fxe4 Qxe4+ 9. Kf1 Qe5 10. Bd3 f5 11. Nf3 Qf4 12. Qe2+ Be7 13. g3 Qg4 14. Nh4
Qh3+ 15. Kg1 d6 16. Qf2 O-O 17. Bf1 Qg4 18. Be2 Qe4 19. d3 Qe5 20. Nd2 Bxh4 21.
gxh4 Qc5 22. Rc1 b5 23. a4 a6 24. Nf3 Bb7 25. h5 h6 26. h4 Qd5 27. Nxd4 Qxh1#
0-1

[Event "AUTO-OPEN-2837"]
[Site "http://www.queenalice.com/game.php?id=1120016"]
[Date "2012.11.7"]
[Round "1"]
[White "serrameira"]
[Black "thomas01"]
[Result "1-0"]
[WhiteElo "1920"]
[BlackElo "1698"]

1. e4 e5 2. Nf3 d6 3. Bc4 h6 4. d4 Nf6 5. dxe5 Nxe4 6. Qd5 Qe7 7. Qxe4 dxe5 8.
O-O f6 9. b3 Nd7 10. Ba3 c5 11. b4 cxb4 12. Bb2 Nc5 13. Qg6+ Kd8 14. c3 Nd3 15.
Bxd3 Bd7 16. cxb4 Qxb4 17. Ba3 Qf4 18. Bxf8 Rxf8 19. Qxg7 e4 20. Qxf8+ Be8 21.
Bb5 Kc7 22. Nd4 Qe5 23. Na3 a6 24. Bxe8 Rxe8 25. Qf7+ Re7 26. Qc4+ Kb8 27. Nc6+
bxc6 28. Qxc6 Rb7 29. Nc4 Qg5 30. Nd6 Qg7 31. Nxb7 1-0

[Event "AUTO-OPEN-2837"]
[Site "http://www.queenalice.com/game.php?id=1120017"]
[Date "2012.11.7"]
[Round "1"]
[White "thomas01"]
[Black "serrameira"]
[Result "0-1"]
[WhiteElo "1691"]
[BlackElo "1937"]

1. e4 e5 2. Nf3 Nf6 3. d3 Nc6 4. c4 Bc5 5. h3 O-O 6. Nc3 Re8 7. Be2 Nd4 8. Be3
Nxf3+ 9. Bxf3 Bxe3 10. fxe3 c6 11. d4 exd4 12. exd4 d6 13. O-O a6 14. d5 b5 15.
cxb5 axb5 16. b4 Qb6+ 17. Kh2 cxd5 18. Nxd5 Nxd5 19. Qxd5 Bb7 20. Qf5 Re5 21.
Qg4 Bc8 22. Qh4 Bb7 23. Bh5 g6 24. Bg4 Rf8 25. Bf3 Qd4 26. Rad1 Qxb4 27. Rxd6
Qxd6 28. Rd1 Rd5+ 29. Kh1 Rxd1+ 30. Bxd1 Qxd1+ 31. Kh2 Qd4 32. g3 Qf2+ 0-1

[Event "AUTO-OPEN-2837"]
[Site "http://www.queenalice.com/game.php?id=1120044"]
[Date "2012.11.7"]
[Round "1"]
[White "thomas01"]
[Black "Philchess"]
[Result "0-1"]
[WhiteElo "1563"]
[BlackElo "1550"]

1. e4 c5 2. c4 e6 3. Nc3 d6 4. d4 cxd4 5. Qxd4 Nc6 6. Qe3 Nf6 7. Be2 Be7 8. h3
O-O 9. Nf3 e5 10. Bd2 Be6 11. O-O Qd7 12. Ng5 h6 13. Nxe6 Qxe6 14. a3 a6 15. Na4
Na5 16. Bxa5 Bd8 17. Bxd8 Raxd8 18. b4 Nd7 19. c5 dxc5 20. bxc5 f6 21. Nb2 Qc6
22. Nd3 b6 23. cxb6 Nxb6 24. Nb4 Qe6 25. Nxa6 Nc4 26. Bxc4 Qxc4 27. Nb4 f5 28.
f4 exf4 29. Rxf4 fxe4 30. Rxf8+ Rxf8 31. Kh2 Qe6 32. a4 Qc4 33. Rb1 Ra8 0-1

[Event "AUTO-OPEN-2837"]
[Site "http://www.queenalice.com/game.php?id=1120045"]
[Date "2012.11.7"]
[Round "1"]
[White "Philchess"]
[Black "thomas01"]
[Result "0-1"]
[WhiteElo "1482"]
[BlackElo "1674"]

1. e4 c5 2. d4 cxd4 3. Qxd4 Nc6 4. Qd1 e5 5. Nf3 Nf6 6. Nc3 g6 7. Bg5 Bg7 8.
Bxf6 Bxf6 9. Be2 d6 10. O-O h5 11. h3 b6 12. Bb5 Bd7 13. Bxc6 Bxc6 14. Qd3 O-O
15. Rfe1 a6 16. a3 b5 17. b4 Qd7 18. h4 Be7 19. Ne2 Qg4 20. g3 Bxe4 21. Qe3 Bxf3
22. Kf1 Qh3+ 23. Kg1 Qg2# 0-1

[Event "AUTO-OPEN-2837"]
[Site "http://www.queenalice.com/game.php?id=1120046"]
[Date "2012.11.7"]
[Round "1"]
[White "thomas01"]
[Black "lfsantanna"]
[Result "0-1"]
[WhiteElo "1625"]
[BlackElo "1691"]

1. e4 c5 2. c4 e5 3. Nf3 Nc6 4. Nc3 Nf6 5. b3 h6 6. d3 Be7 7. Bb2 d6 8. Be2 O-O
9. Qd2 a6 10. O-O-O Ng4 11. Rhf1 Nd4 12. Kb1 Nxf3 13. gxf3 Nf6 14. f4 b6 15.
fxe5 dxe5 16. h3 Bxh3 17. Rh1 Bg4 18. Bxg4 Nxg4 19. Nd5 Bh4 20. Rhg1 Bg5 21. f4
Bxf4 22. Nxf4 exf4 23. Rxg4 g5 24. Qxf4 Ra7 25. Qe5 f6 26. Qe6+ Kh7 27. d4 Re7
0-1

[Event "AUTO-OPEN-2837"]
[Site "http://www.queenalice.com/game.php?id=1120047"]
[Date "2012.11.7"]
[Round "1"]
[White "lfsantanna"]
[Black "thomas01"]
[Result "1-0"]
[WhiteElo "1677"]
[BlackElo "1639"]

1. e4 e5 2. Nf3 Nc6 3. Bc4 h6 4. O-O d6 5. d3 f5 6. Nc3 f4 7. h3 Bd7 8. Ne1 Qg5
9. Kh1 Nge7 10. Nb5 O-O-O 11. Kh2 Ng6 12. Nf3 Qf6 13. g3 a6 14. Nc3 Be6 15. Bd5
Nd4 16. Bxe6+ Qxe6 17. Nd5 Kb8 18. Nxd4 exd4 19. Nxf4 Nxf4 20. Bxf4 g5 21. Bd2
Be7 22. Bb4 h5 23. Ba3 g4 24. h4 Qe5 25. Qd2 Bxh4 26. Kg2 Bg5 27. Qe2 h4 28.
Qxg4 h3+ 29. Kh2 1-0

[Event "Challenge"]
[Site "http://www.queenalice.com/game.php?id=1121413"]
[Date "2012.11.12"]
[Round "-"]
[White "jdimas"]
[Black "thomas01"]
[Result "0-1"]
[WhiteElo "1784"]
[BlackElo "1619"]

1. e3 d5 2. d4 Nc6 3. c4 dxc4 4. Bxc4 a6 5. Qb3 e6 6. d5 Ne5 7. f4 Nxc4 8. Qxc4
exd5 9. Qd4 f6 10. Nc3 Ne7 11. Nge2 c6 12. b3 Nf5 13. Qd2 Be7 14. Bb2 b5 15. g4
Nh4 16. O-O Bxg4 17. Nd4 Bc5 18. Nxc6 Qd7 19. Qxd5 Qxd5 20. Nxd5 Rc8 21. Ncb4
Bxb4 22. Nxb4 a5 23. Nd5 Rc2 24. Bxf6 Rg2+ 25. Kh1 gxf6 26. Nxf6+ Kf7 27. Ne4
Rd8 28. Ng5+ Kg6 29. Nf3 Bxf3 30. Rxf3 Rdd2 31. Rg3+ Rxg3 32. hxg3 Nf5 33. g4
Nxe3 34. g5 Rf2 35. Re1 Rf1+ 36. Rxf1 Nxf1 37. Kg2 Nd2 38. Kg3 Ne4+ 39. Kg4 Nc5
40. f5+ Kf7 41. Kh5 Nd7 42. g6+ hxg6+ 43. fxg6+ Kg7 44. a4 b4 45. Kg5 Nc5 46.
Kf4 Nxb3 47. Ke3 Nc5 48. Kd2 Nxa4 49. Kc2 Nc3 50. Kb3 Kxg6 51. Kc2 Kf5 52. Kb3
Ke4 53. Kc2 Kd4 54. Kb3 Kc5 55. Kc2 a4 56. Kb2 Kc4 57. Kc2 a3 58. Kd2 a2 59. Kc2
a1=Q 60. Kd2 b3 61. Ke3 b2 62. Kf4 b1=Q 0-1

[Event "Challenge"]
[Site "http://www.queenalice.com/game.php?id=1121414"]
[Date "2012.11.12"]
[Round "-"]
[White "thomas01"]
[Black "jdimas"]
[Result "1-0"]
[WhiteElo "1585"]
[BlackElo "1741"]

1. e4 e6 2. c4 d6 3. g3 g6 4. Nc3 b6 5. d4 c5 6. Bg2 Bb7 7. Nh3 Qf6 8. Nb5 Na6
9. Bf4 Rd8 10. O-O cxd4 11. Bg5 Qe5 12. Bxd8 Kxd8 13. f3 Qc5 14. Qxd4 Bg7 15.
Qxc5 dxc5 16. Rab1 Nb4 17. Nd6 Bd4+ 18. Kh1 Bxe4 19. Nxf7+ Ke7 20. Nxh8 Bxb1 21.
Rxb1 Bxh8 22. a3 Nd3 23. b4 cxb4 24. axb4 Nb2 25. c5 bxc5 26. bxc5 a5 27. Ra1 a4
28. c6 Kd6 29. f4 Ne7 30. Ng5 Nd3 31. Rxa4 Bf6 32. Nxh7 Nxc6 33. Nxf6 Ncb4 34.
Ne8+ Ke7 35. Nc7 Kd6 36. Nb5+ Kc5 37. Na3 Nc1 38. Ra5+ Kd4 39. Rg5 Nbd3 40. h4
Ne2 41. Rxg6 Kc3 42. Bf1 Nf2+ 43. Kg2 Nxf4+ 44. gxf4 Nd3 45. Bxd3 Kxd3 46. Rxe6
1-0

[Event "Copa da Paz"]
[Site "http://www.queenalice.com/game.php?id=1122641"]
[Date "2012.11.15"]
[Round "1"]
[White "thomas01"]
[Black "Constante"]
[Result "0-1"]
[WhiteElo "1695"]
[BlackElo "2072"]

1. e4 c5 2. c4 d6 3. Nc3 Nc6 4. Nf3 g6 5. b3 Bg7 6. Bb2 Nf6 7. d4 Bg4 8. Be2 Qc7
9. Qd3 a6 10. a3 O-O-O 11. d5 Bxf3 0-1

[Event "AUTO-ADV-2681"]
[Site "http://www.queenalice.com/game.php?id=1123701"]
[Date "2012.11.18"]
[Round "1"]
[White "RobertD"]
[Black "thomas01"]
[Result "1-0"]
[WhiteElo "1966"]
[BlackElo "1688"]

1. d4 e5 2. dxe5 d6 3. exd6 cxd6 4. Nf3 Nc6 5. e4 f6 6. Bb5 Bd7 7. Bxc6 bxc6 8.
O-O Be7 9. Bf4 Qb8 10. b3 g5 11. Be3 Qb7 12. Nd4 Nh6 13. Qh5+ Nf7 14. Nd2 h6 15.
Nf5 Bxf5 16. exf5 d5 17. Rfe1 Rf8 18. Bc5 O-O-O 19. Rxe7 Qa6 20. Rxa7 Qb5 21.
Bxf8 Rxf8 22. Rxf7 Rxf7 23. Qxf7 d4 24. Nc4 Qc5 25. Re1 1-0

[Event "AUTO-ADV-2681"]
[Site "http://www.queenalice.com/game.php?id=1123702"]
[Date "2012.11.18"]
[Round "1"]
[White "thomas01"]
[Black "RobertD"]
[Result "0-1"]
[WhiteElo "1683"]
[BlackElo "1971"]

1. e4 e5 2. c4 Nf6 3. Nc3 Bb4 4. Qf3 O-O 5. a3 Bxc3 6. bxc3 d6 7. h3 c6 8. Bd3
Be6 9. Bb2 Qe7 10. Ne2 Nfd7 11. O-O Nc5 12. Rab1 f5 13. exf5 Nxd3 14. Qxd3 Bxf5
15. Qe3 Bxb1 16. Rxb1 Nd7 17. f4 b6 18. a4 Rae8 19. Qf3 e4 20. Qg3 c5 21. Re1
Rf6 22. d3 exd3 23. Qxd3 Re6 24. Qd5 Nf6 0-1

[Event "AUTO-ADV-2681"]
[Site "http://www.queenalice.com/game.php?id=1123715"]
[Date "2012.11.18"]
[Round "1"]
[White "thw"]
[Black "thomas01"]
[Result "1-0"]
[WhiteElo "1893"]
[BlackElo "1709"]

1. e4 e5 2. Nf3 d6 3. Bc4 h6 4. h3 Nc6 5. O-O Be7 6. d4 exd4 7. Nxd4 Nxd4 8.
Qxd4 b6 9. Qxg7 Bxh3 10. Bxf7+ Kd7 11. Qxh8 Be6 12. Bxe6+ Kxe6 13. Bxh6 Bg5 14.
Bxg5 Qxg5 15. Nc3 Nf6 16. Qxa8 Ng4 17. Qd5+ Qxd5 18. exd5+ Kf7 19. Rae1 Kg6 20.
Nb5 a5 21. Nxc7 Kh5 22. Re6 1-0

[Event "AUTO-ADV-2681"]
[Site "http://www.queenalice.com/game.php?id=1123716"]
[Date "2012.11.18"]
[Round "1"]
[White "thomas01"]
[Black "thw"]
[Result "0-1"]
[WhiteElo "1700"]
[BlackElo "1982"]

1. e4 c5 2. c4 Nc6 3. Nf3 d6 4. Nc3 Nf6 5. g3 Bg4 6. Nd5 Nxe4 7. h3 Bf5 8. g4
Bg6 9. d3 Nf6 10. Nxf6+ exf6 11. Bg2 Be7 12. O-O O-O 13. b3 Rb8 14. Bb2 f5 15.
d4 fxg4 16. hxg4 d5 17. cxd5 Qxd5 18. Ne5 Qd6 19. d5 Nxe5 20. Bxe5 Qxe5 21. Re1
Qd6 22. a4 Bf6 23. Rc1 b6 24. Be4 Bxe4 25. Rxe4 Rfe8 26. Rxe8+ Rxe8 27. Kg2 Bd4
28. Rc2 Qxd5+ 0-1

[Event "AUTO-ADV-2681"]
[Site "http://www.queenalice.com/game.php?id=1123725"]
[Date "2012.11.18"]
[Round "1"]
[White "thomas01"]
[Black "scaccomatto"]
[Result "1-0"]
[WhiteElo "1685"]
[BlackElo "1873"]

1. c4 c5 2. e4 e5 3. Nc3 Nf6 4. d3 Nc6 5. Nf3 d6 6. Be2 Nd4 7. O-O Be7 8. Bd2
Be6 9. Nxd4 cxd4 10. Nd5 Bxd5 11. cxd5 O-O 12. b4 Qb6 13. a3 Nd7 14. Bg4 Nf6 15.
f4 Rac8 16. Bxc8 1-0

[Event "AUTO-ADV-2681"]
[Site "http://www.queenalice.com/game.php?id=1123726"]
[Date "2012.11.18"]
[Round "1"]
[White "scaccomatto"]
[Black "thomas01"]
[Result "1-0"]
[WhiteElo "1967"]
[BlackElo "1693"]

1. d4 d5 2. Nf3 Nc6 3. Bf4 h6 4. e3 g5 5. Bg3 f6 6. Nc3 e6 7. Bd3 Nge7 8. O-O a6
9. h3 Bg7 10. Re1 O-O 11. e4 b6 12. exd5 exd5 13. Qe2 Re8 14. Qd2 Nf5 15. Rxe8+
Qxe8 16. Re1 Qf8 17. Bxc7 Ncxd4 18. Bxf5 Nxf3+ 19. gxf3 Bb7 20. Bxb6 Qd6 21. Be3
Qe5 22. Bg4 Qd6 23. f4 1-0

[Event "Desafio"]
[Site "http://www.queenalice.com/game.php?id=1125124"]
[Date "2012.11.23"]
[Round "-"]
[White "thomas01"]
[Black "askasl159"]
[Result "0-1"]
[WhiteElo "1679"]
[BlackElo "1695"]

1. e4 e5 2. c4 Nf6 3. d3 Bc5 4. a3 d6 5. Be2 O-O 6. Nc3 c6 7. h3 Bd4 8. Bd2 Na6
9. Nf3 Bxc3 10. Bxc3 h6 11. O-O Nh5 12. Nh2 Nf4 13. Bd2 Ne6 14. Bc3 b5 15. d4
exd4 16. Bxd4 Nxd4 17. Qxd4 c5 18. Qd5 Be6 19. Qc6 Qb6 20. Qxb6 axb6 21. cxb5
Nc7 22. a4 f5 23. Bd3 fxe4 24. Bxe4 Rad8 25. a5 bxa5 26. b6 Na8 27. Rxa5 Nxb6
28. f4 Nc4 29. Rb5 Nd2 30. Re1 Rxf4 31. Bf3 Bc4 32. Rb7 Nxf3+ 33. Nxf3 Bd5 34.
Rbe7 Rf7 35. Re8+ Rxe8 36. Rxe8+ Rf8 37. Rxf8+ Kxf8 38. Nh4 Kf7 39. Kf2 g5 40.
Nf5 Ke6 41. Nxh6 Bb3 42. Ke3 Ke5 0-1